000 01361cam a22003857a 4500
003 CHAP
005 20220329133429.0
008 971013s1991 r 00010 d
010 _a6287
011 _a7259
035 _a6482
040 _cCHAP
090 _aTesis
100 0 0 _aTovar Gutiérrez, Margarita.
_9114401
245 0 _aPotencial productivo de sorgo perenne (Sorghum almum) en tepetate bajo diferentes dosis de fertilización nitrogenada y fosforada
260 _aChapingo, Méx. :
_bEl autor,
_c1991
300 _a61 h.
502 _aTesis (Ing. Agr. Esp. en Zootecnia) -- UACH. Departamento de Zootecnia
590 _aALEPH
_b10
_c20130110
_lUCH01
_h1218
590 _aBATCH-UPD
_b10
_c20130110
_lUCH01
_h0011
590 _aBATCH-UPD
_b10
_c20130110
_lUCH01
_h1242
590 _aBATCH-UPD
_b10
_c20130409
_lUCH01
_h1948
590 _aBATCH-UPD
_b10
_c20130410
_lUCH01
_h0807
590 _aBATCH-UPD
_b10
_c20130914
_lUCH01
_h1425
590 _aCONVERSION
_b10
_c20130109
_lUCH01
_h1305
650 1 4 _aFósforo
_xEfecto en sorgo.
_942254
650 1 4 _aNitrógeno
_xEfecto en sorgo.
_981461
650 1 4 _aSorgo como forraje.
_9108743
650 1 4 _aSorgo
_xRendimiento.
_9108714
650 1 4 _aTepetates.
_9112332
901 _aBK
942 _cFOLL
949 _bBC
_cTES
_d-16084
_eTS1
_h25029
_i6482
_si
949 _bBC
_cTES
_d-78028
_eTS2
_fc.2
_h25030
_i6482
_si
999 _c6287
_d6287